Postavenie prekladu vo výučbe cudzích jazykov

Skúsenosti autorky článku s vyučovaním cudzieho jazyka. Najčastejšie chyby v materiskom jazyku - slovenčine.

Na minha lista:
Detalhes bibliográficos
Autor principal: Pauleová, Milada
Formato: Capítulo de Livro
Idioma:eslovaco
Assuntos:
Tags: Adicionar Tag
Sem tags, seja o primeiro a adicionar uma tag!

MARC

LEADER 00000naa$a2200000$$$4500
001 0159851
005 20240502072753.7
041 0 |a slo 
044 |a SK 
245 1 0 |a Postavenie prekladu vo výučbe cudzích jazykov  |c Milada Pauleová 
520 |a Skúsenosti autorky článku s vyučovaním cudzieho jazyka. Najčastejšie chyby v materiskom jazyku - slovenčine. 
610 2 0 |a preklady 
610 2 0 |a angličtina 
610 2 0 |a slovenčina 
610 2 0 |a jazyky cudzie 
610 2 0 |a vzdelávanie vysokoškolské 
100 1 |a Pauleová, Milada